000 00785nam a2200241Ia 4500
003 OSt
005 20220923212325.0
006 a|||||r|||| 00| 0
007 ta
008 220922b |||||||| |||| 00| 0 hin d
024 _a152,256
037 _cTextual
040 _aARTS
_cARTS
_bhin
041 _2hin
_ahin
082 _aNv2524,J, 152L7
100 _aमीतल, प्रभुदयाल
_9156270
245 0 _aब्रज की कलाओं का इतिहास
246 _aBraj kī kalāoan kā itihāsa
260 _aदिल्ली
_b साहित्य प्रकाशन
_c1977
300 _a604 पृ.
_ccm.
942 _hNv2524,J, 152L7
_cTEXL
_2CC
999 _c307905
_d307905